000 00401nam a22001337a 4500
040 _cNUST
082 _a200 THE
100 _aMehwish Naz
_9107132
110 _aSupervisor Dr. Wasi Haider Butt
245 _aTH-SOF-2124-Automated Whitebox Test Case Generation for Statement Coverage Using U-NSGA-III
260 _aISLAMABAD:
_bNUST COLLEGE OF EME,
_c2022.
650 _aMS-CSE-19
942 _2ddc
_cTHE
999 _c592960
_d592960